En la posada del sueño
محفوظ في:
| المؤلف الرئيسي: | |
|---|---|
| التنسيق: | كتاب |
| اللغة: | الإسبانية |
| منشور في: |
Santiago
Club de Lectores
1948
|
| الموضوعات: | |
| الوسوم: |
إضافة وسم
لا توجد وسوم, كن أول من يضع وسما على هذه التسجيلة!
|
MARC
| LEADER | 00000nam a2200000 a 4500 | ||
|---|---|---|---|
| 001 | UCZ4948 | ||
| 003 | CL-VaPUC | ||
| 008 | 951115e19480000CL |||||||||||||||||spa|d | ||
| 082 | 0 | 4 | |a Ch861 |b SIL |2 21 |
| 100 | 0 | |a Silva Ossa, María |e author |9 348908 | |
| 245 | 1 | 0 | |a En la posada del sueño |
| 300 | |a 61 p | ||
| 942 | |c BK | ||
| 945 | |d 19951115 00:00:00 |a rleighto | ||
| 260 | |a Santiago |b Club de Lectores |c 1948 | ||
| 650 | 0 | |a Poesías chilenas |9 265280 | |
| 583 | |a last modification |c 19951115 00:00:00 |k Rodrigo Vera | ||
| 999 | |c 241289 |d 241287 | ||
| 952 | |0 0 |1 0 |4 0 |6 CH_861_000000000000000_SIL_1948 |7 0 |8 A |9 253579 |a BIBEDU |b BIBEDU |c ES_NOD |d 2019-11-19 |i 3150011 |o Ch861 SIL 1948 |p 3150011 |r 2023-08-09 |w 2019-11-19 |y BK |k LIT | ||
| 952 | |0 0 |1 0 |4 0 |6 CH_861_000000000000000_SIL_1948 |7 0 |8 A |9 253580 |a BIBEDU |b BIBEDU |c ES_NOD |d 2019-11-19 |i 3115259 |o Ch861 SIL 1948 |p 3115259 |r 2023-08-09 |w 2019-11-19 |y BK |k LIT | ||